Histoire par lettre - P - Statistiques

Statistiques générales
  • Ce quiz a été pris 160 fois
  • Le résultat moyen est 13 sur 20
Statistiques - réponses
Questions Réponses % Correct
Quel titre était attribué aux rois égyptiens comme Toutankhamon ou Akhenaton ? Pharaon
97%
A ne pas confondre avec la réponse précédente, dans quel monument sont enterrés Voltaire, Victor Hugo ou encore Marie Curie ? Panthéon
96%
Quelle base navale américaine a été attaquée par le Japon, lançant les Etats-Unis dans la Seconde Guerre Mondiale ? Pearl Harbor
95%
Quelle ville était appelée Lutèce dans l'Antiquité ? Paris
94%
Quel est le plus emblématique temple sur l'Acropole ? Parthénon
92%
Quel maréchal de France dirigeait la France Libre durant la Seconde Guerre Mondiale ? Philippe Pétain
89%
Quel île au large du Chili est connue pour ses nombreuses statues de pierre ? Pâques
88%
Quel footballeur brésilien est souvent considéré comme le meilleur joueur de tous les temps ? Pelé
87%
Quel empire a connu un échec lors de la Bataille de Marathon en - 490 ? Perse
85%
Dans quelle ville Charles Martel a-t-il repoussé les arabes en 732 ? Poitiers
82%
Quel philosophe athénien était le principal disciple de Socrate, dont il a relaté les paroles ? Platon
80%
Quel homme était à la tête du Cambodge à la fin des années 1970 ? Pol Pot
66%
Dans quel archipel du pacifique des essais nucléaires ont été réalisés par la France ? Polynésie
58%
Quel homme politique est principal stratège athénien durant le Vème siècle (AVJC) ? Périclès
51%
Quel conquistador est connu pour avoir affronté l'Empire Inca au XVIème siècle ? Francisco Pizarro
41%
Quel surnom était attribué à Philippe IV, roi de France de 1285 à 1314 ? Philippe le Bel
40%
Quel empereur russe a fondé la ville de Saint-Pétersbourg ? Pierre le Grand
38%
Quelle dynastie anglaise a régné avant la dynastie des Lancaster ? Plantagenêt
35%
Quel surnom était attribué à Philippe II, roi de France de 1180 à 1223 ? Philippe Auguste
16%
Quel penseur d'origine grecque a énormément écrit sur la Rome Antique ? Plutarque
10%
Aucun quiz correspondant
Distribution des résultats
% des personnes avec chaque résultat
Percentile par nombre de réponses
Votre historique - résultats
Vous n’avez pas pris ce quiz